Proyecto de investigación sobre industrialización y empresas transnacionales en Centroamérica

Zapisane w:
Opis bibliograficzny
1. autor: Castillo, Donald
Korporacja: Instituto Latinoamericano de Estudios Transnacionales
Format: Texto
Wydane: s.l: s.e.
Etykiety: Dodaj etykietę
Nie ma etykietki, Dołącz pierwszą etykiete!

MARC

LEADER 00000 a a2200000 04500
001 22263
003
040
090 |a 151200  
100 |a Castillo, Donald  
110 |a Instituto Latinoamericano de Estudios Transnacionales  
245 |a Proyecto de investigación sobre industrialización y empresas transnacionales en Centroamérica  
260 |a s.l:   |b s.e.  
300 |a 48 p  
999 |c 11417  |d 11417